00537nam a2200157Ia 4500003000900000008004100009020002600050020002700076040001600103100002200119245010900141250001200250260003200262300002000294856006500314IN-BaIIA211028s9999 xx s 000 0 eng d a9780819452979 (Print) a9780819481122 (Online) cIIA Library aBar-Cohen, Yoseph 0aElectroactive Polymer (EAP) Actuators as Artificial Muscles: Reality, Potential, and Challengesh[eBook] a2nd ed. aWashington, USAbSPIEc2004 aOnline resource uhttps://doi.org/10.1117/3.547465yClick Here to Access eBook